Statistics for Country Transits: at least 2 countries away from Landlocked Countries

Click here to take the quiz!

General Stats

  • This quiz has been taken 47 times
  • The average score is 20 of 28

Answer Stats

# Country % Correct
2United States
95%
1Canada
93%
3Mexico
91%
2Panama
84%
1South Korea
81%
2Nicaragua
81%
2Costa Rica
79%
2Belize
77%
3Honduras
77%
4Guatemala
77%
2Sweden
74%
2El Salvador
74%
2Yemen
74%
3Indonesia
72%
3Oman
72%
2Qatar
70%
4Israel
70%
3United Arab Emirates
67%
1Ireland
65%
2Lebanon
65%
7Saudi Arabia
65%
1East Timor
63%
4Jordan
60%
2Kuwait
58%
1Brunei
58%
1Papua New Guinea
47%
1Haiti
47%
1Dominican Republic
47%

Score Distribution

Percentile by Number Answered

Percent of People with Each Score

Your Score History

You have not taken this quiz